LIBRARY & INFORMATION CENTRE, KCAET, TAVANUR

ONLINE PUBLIC ACCESS CATALOGUE (OPAC)

Basic engineering thermodynamics / (Record no. 10597)

MARC details
000 -LEADER
fixed length control field 00410cam a2200157ua 4500
041 ## - LANGUAGE CODE
Language code of text/sound track or separate title eng
082 ## - DEWEY DECIMAL CLASSIFICATION NUMBER
Classification number 621.3
Item number SMI/BA
100 ## - MAIN ENTRY--AUTHOR NAME
Personal name Smith, Parker S .
245 ## - TITLE STATEMENT
Title Basic engineering thermodynamics /
250 ## - EDITION STATEMENT
Edition statement 7 /
260 ## - PUBLICATION, DISTRIBUTION, ETC. (IMPRINT)
Place of publication Mumbai :
Name of publisher Asia Publishing House ,
Year of publication 1968.
300 ## - PHYSICAL DESCRIPTION
Number of Pages 492 :
Other physical details 506 ; .
942 ## - ADDED ENTRY ELEMENTS (KOHA)
Koha item type Books
Holdings
Withdrawn status Lost status Damaged status Home library Current library Date acquired Full call number Accession Number Koha item type
      KAUAET KAUAET 07/04/2012 621.3 12210 Books
free website counter